000 00722nam a22002177a 4500
005 20251108165906.0
008 250721s1991 xx 000 0 ara d
020 _a9770234850
082 1 4 _aط/ 595.79
100 1 _aالمشنب، عواطف
245 1 0 _aالنملة التي أكلت الأسد /
250 _aط.2
246 1 3 _aموسوعة للأطفال تغطي مجالات المعرفة البشرية المختلفة
264 1 _aالقاهرة :
_bدار المعارف،
_c1991.
300 _a15ص.:مص
490 0 _aماذا تعلم عن
_v5
650 1 7 _aالنمليات (فصيلة)
653 _aأطفال مرحلة متوسطة (6-9 سنوات)
942 _2ddc
_cBK
999 _c34053
_d34053